The Prince's feast

Bibliographic Details
Main Author: Butler, Paul C.V
Format: Book
Published: Petaling Jaya : Longman , 1993
Series:Hibiscus series
Subjects:

MARC

LEADER 00000cam a2200000 7i4500
001 0000001560
002 000001706
005 20000330.0
020 |a 9837401036 
090 0 0 |a JF   |b BUT 
100 1 |a Butler, Paul C.V 
245 1 4 |a The Prince's feast   |c Paul C.V. Butler 
260 |a Petaling Jaya :   |b Longman ,   |c 1993 
300 |a 21p. :   |b ill. ;   |c 24cm. 
490 0 |a Hibiscus series 
650 0 0 |a Children's stories 
999 |a 034200   |b BUKU   |c PINJAMAN   |e PERPUSTAKAAN KOMUNITI PETALING JAYA